Field crop production in tropical Africa: principles and practice (Record no. 43238)

MARC details
000 -LEADER
fixed length control field 00832nam a2200217 a 4500
008 - FIXED-LENGTH DATA ELEMENTS--GENERAL INFORMATION
fixed length control field 100126s1991 ||||||||||||||||| || u
020 ## - INTERNATIONAL STANDARD BOOK NUMBER
International Standard Book Number 9290810866
050 ## - LIBRARY OF CONGRESS CALL NUMBER
Classification number CTA(02)
100 ## - MAIN ENTRY--PERSONAL NAME
Personal name Onwueme, I. C
245 10 - TITLE STATEMENT
Title Field crop production in tropical Africa: principles and practice
Statement of responsibility, etc. I. C. Onwueme and T. D. Sinha
260 ## - PUBLICATION, DISTRIBUTION, ETC.
Place of publication, distribution, etc. Ede, The Netherlands:
Name of publisher, distributor, etc. CTA
Date of publication, distribution, etc. 1991
300 ## - PHYSICAL DESCRIPTION
Extent 480p.: ill.
350 ## - PRICE (NR) (BK AM CF MU VM SE) [OBSOLETE]
Price 0.00
650 ## - SUBJECT ADDED ENTRY--TOPICAL TERM
Topical term or geographic name entry element TROPICAL CROPS--AFRICA, SUB-SAHARAN
650 ## - SUBJECT ADDED ENTRY--TOPICAL TERM
Topical term or geographic name entry element CROPS PRODUCTION
650 ## - SUBJECT ADDED ENTRY--TOPICAL TERM
Topical term or geographic name entry element FIELD CROPS--AFRICA, SUB-SAHARAN
650 ## - SUBJECT ADDED ENTRY--TOPICAL TERM
Topical term or geographic name entry element YAMS
700 ## - ADDED ENTRY--PERSONAL NAME
Personal name Sinha, T. D
710 ## - ADDED ENTRY--CORPORATE NAME
Corporate name or jurisdiction name as entry element Technical Centre for Agricultural and Rural Cooperation (CTA)
995 ## - RECOMMENDATION 995 [LOCAL, UNIMARC FRANCE]
-- 0.00
-- CBU-MAIN LIBRARY (Kitwe)
-- 1
-- 0.00
-- 1
-- AVAILABLE
-- Jan 26, 2010
-- International Publications
Holdings
Withdrawn status Lost status Source of classification or shelving scheme Damaged status Not for loan Home library Current library Shelving location Date acquired Total Checkouts Full call number Barcode Date last seen Price effective from Koha item type
          CBU-MAIN LIBRARY, KITWE. CBU-MAIN LIBRARY, KITWE.   11/30/2022   CTA(02) 03005484 11/30/2022 11/30/2022 MONOGRAPH